• 首页
  • 本馆介绍
  • 公告通知
  • 最新文献
  • 馆藏检索
  • 电子资源
  • 读者导购
  • 参考咨询
  • 我的图书馆
  • 登录
  • 详细信息显示
  • 放入我的书架
  • 预约/预借图书
  • 作者相关作品
  • 分类相关作品
  • 丛书相关作品
  • 出版社相关作品

书目信息

  • 表格格式
  • 工作单格式
  • 卡片格式
题名:
大学数学
    
 
作者: 孙毅 , 朱本喜 , 刘明姬 主编
分册:   线性代数
出版信息: 北京   高等教育出版社  2021.5
页数: 260
开本: 26cm
丛书名:
单 册:
中图分类: O13 , O151.2
科图分类:
主题词: 高等数学--高等学校--教材 , 线性代数--高等学校--教材
电子资源:
ISBN: 978-7-04-055937-8
000 01161nam0 2200289 45
001 012001000771
005 20211012145807.78
010    @a978-7-04-055937-8@dCNY36.80
100    @a20210325d2021 em y0chiy0110 ea
101 0  @achi
102    @aCN@b110000
105    @ay z 000yy
106    @ar
200 1  @a大学数学@Ada xue shu xue@i线性代数@f孙毅,朱本喜,刘明姬主编
205    @a4版
210    @a北京@c高等教育出版社@d2021.5
215    @a260@d26cm
330    @a本书是“十二五”普通高等教育本科国家级规划教材,主要研究矩阵和向量空间的有关理论。内容包括:矩阵的运算与初等变换,方阵的行列式,可逆矩阵,线性方程组与向量组的线性相关性,方阵的特征值、特征向量与相似化简,二次型与对称矩阵,线性空间与线性变换等。每节都配备了精选的习题,书后附有部分习题参考答案,便于读者参考。本书可供高等学校非数学类理工科各专业学生选用,也可供工程技术人员参考。
606 0  @a高等数学@x高等学校@j教材
606 0  @a线性代数@x高等学校@j教材
690    @aO13@v5
690    @aO151.2@v5
701  0 @a孙毅@Asun yi@4主编
701  0 @a朱本喜@Azhu ben xi@4主编
701  0 @a刘明姬@Aliu ming ji@4主编
801  0 @aCN@bBJSDL@c20211011
905    @b1332125-8@dO13@e1046=4@f4
    
    大学数学.线性代数/孙毅,朱本喜,刘明姬主编.-4版.-北京:高等教育出版社,2021.5
    260;26cm
    
    
    ISBN 978-7-04-055937-8:CNY36.80
    本书是“十二五”普通高等教育本科国家级规划教材,主要研究矩阵和向量空间的有关理论。内容包括:矩阵的运算与初等变换,方阵的行列式,可逆矩阵,线性方程组与向量组的线性相关性,方阵的特征值、特征向量与相似化简,二次型与对称矩阵,线性空间与线性变换等。每节都配备了精选的习题,书后附有部分习题参考答案,便于读者参考。本书可供高等学校非数学类理工科各专业学生选用,也可供工程技术人员参考。
●
相关链接 在E读中查询图书 在五车中查询图书 在当当中查询图书 在豆瓣中查询图书


正题名:大学数学     索取号:O13/1046=4         预约/预借

序号 登录号 条形码 馆藏地/架位号 状态 备注
1 1332125   213321252   第二样本阅览室/ [索取号:O13/1046=4] 在馆    
2 1332126   213321261   第三借阅区/ [索取号:O13/1046=4] 在馆    
3 1332127   213321270   第三借阅区/ [索取号:O13/1046=4] 在馆    
4 1332128   213321289   第三借阅区/ [索取号:O13/1046=4] 在馆    
唐山师范学院图书馆 欢迎您!
大连网信软件有限公司© 版权所有